Municipios de La Palma en una mapa - Estadísticas

Estadísticas generales
  • Esta prueba ha sido intentada 190 veces
  • La puntuación promedio es 9 de 14
Respuestas en el mapa
Las respuestas están codificadas por una escala verde-roja en el mapa de la prueba según el % correcto abajo.
 
Estadísticas de respuestas
Municipio Población % Correcto
Santa Cruz de La Palma 15 361
99%
Los Llanos de Aridane 20 551
85%
El Paso 7901
75%
Breña Alta 7199
74%
Breña Baja 5885
74%
Puntagorda 2293
66%
Tazacorte 4502
66%
Fuencaliente de La Palma 1800
64%
Garafía 1830
61%
Tijarafe 2598
61%
Puntallana 2547
60%
Barlovento 1897
57%
San Andrés y Sauces 4170
53%
Villa de Mazo 4905
46%
No se encontraron pruebas coincidentes
Distribución de puntuación
Porcentaje de gente con cada puntuación
Porcentaje por número respondido
Historial de tus puntuaciones
No has intentado esta prueba.